Trailerpark /

Bibliographic Details
Main Author: Banks, Russell, 1940-
Format: Book
Language:English
Published: Boston, Mass. : Houghton Mifflin, 1981.

MARC

Tag First Indicator Second Indicator Subfields
LEADER 00000pam a2200000 a 4500
001 in00000072425
005 20151008053416.0
008 810430s1981 mau 00011 eng
010 |a  81007662  
020 |a 0395315476 :  |c $11.95 
035 |a (OCoLC)07551478 
035 |9 AAH7340AM 
039 0 |a 2  |b 3  |c 3  |d 3  |e 3 
040 |a DLC  |c DLC  |d TXA  |d UtOrBLW 
049 |a TXAM  |c [1803336] 
050 0 0 |a PS3552.A49  |b T7 
082 0 |a 813/.54  |2 19 
100 1 |a Banks, Russell,  |d 1940- 
245 1 0 |a Trailerpark /  |c Russell Banks. 
264 1 |a Boston, Mass. :  |b Houghton Mifflin,  |c 1981. 
300 |a 242 pages ;  |c 22 cm. 
336 |a text  |b txt  |2 rdacontent 
337 |a unmediated  |b n  |2 rdamedia 
338 |a volume  |b nc  |2 rdacarrier 
999 |a MARS 
999 f f |s 0726069c-da48-36a9-a575-672528259f0d  |i f515f1bb-e2c6-335f-9442-5987b176216f  |t 0 
952 f f |p ric  |a Texas A&M University  |b Rellis Campus  |c Joint Library Facility  |d Remote Storage  |t 0  |e PS3552.A49 T7  |h Library of Congress classification  |i unmediated -- volume  |m A14806191791 
998 f f |a PS3552.A49 T7  |t 0  |l Remote Storage